| 000 | 00531nam a2200193 a 4500 | ||
|---|---|---|---|
| 005 | 20140412111237.0 | ||
| 008 | 001120s19uu xx 00 eng d | ||
| 020 | _a0-9608291-5-9 | ||
| 050 |
_aTR(GS) 372.6 _bLi748 1986 |
||
| 100 | _aLindstrand, Doug | ||
| 245 |
_aAlaska alphabet and numbers book / _cDoug Lindstrand. |
||
| 260 |
_aAnchorage : _bD. Linstrand, _c1986. |
||
| 300 | _a1 v. (unp.) ; col. ; ill. | ||
| 500 | _aA Learning Book | ||
| 650 | _aAlaska | ||
| 650 | _aAlphabet | ||
| 650 | _aCounting | ||
| 999 |
_c102530 _d102530 |
||